<?xml version="1.0" encoding="UTF-8"?>
<collection xmlns="http://www.loc.gov/MARC21/slim">
 <record>
  <leader>00402pamaa2200133   4500</leader>
  <controlfield tag="001">0000019135</controlfield>
  <controlfield tag="005">20070115090000.0</controlfield>
  <datafield tag="020" ind1="0" ind2="0">
   <subfield code="a">710069774 </subfield>
  </datafield>
  <datafield tag="090" ind1="0" ind2="0">
   <subfield code="a">PR3417 </subfield>
   <subfield code="b">DRY 1971</subfield>
  </datafield>
  <datafield tag="245" ind1="0" ind2="0">
   <subfield code="a">DRYDEN : </subfield>
   <subfield code="b">the critical heritage  </subfield>
   <subfield code="c">edited by James Kinsley and Helen Kinsley.</subfield>
  </datafield>
  <datafield tag="260" ind1="0" ind2="0">
   <subfield code="a">London: </subfield>
   <subfield code="b">Routledge &amp; Kegan Paul, </subfield>
   <subfield code="c">1971.</subfield>
  </datafield>
  <datafield tag="300" ind1=" " ind2=" ">
   <subfield code="a">x, 414p.: </subfield>
   <subfield code="b">23cm.</subfield>
  </datafield>
  <datafield tag="600" ind1="1" ind2="0">
   <subfield code="a">Dryden, John, </subfield>
   <subfield code="d">1631-1700</subfield>
  </datafield>
  <datafield tag="700" ind1="1" ind2="1">
   <subfield code="a">Kinsley, </subfield>
   <subfield code="h">James </subfield>
  </datafield>
 </record>
</collection>
